000 00730nam a2200181Ia 4500
008 100921s9999 xx 000 0 und d
082 _b34962
_a340 न 01
100 _aगोडबोले अरूण.
245 _aमृत्युपत्र गरज आणि मार्गदर्शन.
260 _bकौशिक प्रकाशन, सातारा.
_c2001
300 _a144
_b---
365 _b108
520 _aस.शा.-कायदा.
630 _aमृत्युपत्र गरज आणि मार्गदर्शन.
650 _aस.शा.-कायदा.
730 _aमृत्युपत्र गरज आणि मार्गदर्शन.
942 _cBOOK
999 _c784075
_d784072